Mật mã - Từ cổ điển đến lượng tử The code book the science of secrecy from ancient egypt to quantum cryptography
Phác hoạ sự tiến hoá của những mật mã. Những khám phá khoa học về các lĩnh vực khác nhau. Giải mã bí ẩn của những con số và chữ cái từ cổ điển đến lượng tử
Đã lưu trong:
| 主要作者: | |
|---|---|
| 其他作者: | , |
| 格式: | 圖書 |
| 語言: | Vietnamese |
| 出版: |
TP. Hồ Chí Minh
Trẻ
2011
|
| 版: | Tái bản lần thứ 2 |
| 叢編: | Khoa học khám phá
|
| 主題: | |
| 標簽: |
添加標簽
沒有標簽, 成為第一個標記此記錄!
|
| Thư viện lưu trữ: | Trung tâm Học liệu Lê Vũ Hùng, Trường Đại học Đồng Tháp |
|---|
| LEADER | 01346aam a22003018a 4500 | ||
|---|---|---|---|
| 001 | 00029068 | ||
| 008 | 120504s2011 ||||||viesd | ||
| 005 | 20171026081025.0 | ||
| 020 | |c 105000 | ||
| 041 | 0 | # | |a vie |
| 082 | 1 | 4 | |a 652 |b M124M |
| 100 | 1 | # | |a Singh, Simon |
| 245 | 1 | 0 | |a Mật mã - Từ cổ điển đến lượng tử |b The code book the science of secrecy from ancient egypt to quantum cryptography |c Simon Singh; Phạm Văn Thiều, Phạm Thi Thu Hằng dịch |
| 246 | 0 | 1 | |a The code book |
| 250 | # | # | |a Tái bản lần thứ 2 |
| 260 | # | # | |a TP. Hồ Chí Minh |b Trẻ |c 2011 |
| 300 | # | # | |a 492tr. |c 20cm. |
| 490 | # | # | |a Khoa học khám phá |
| 500 | # | # | |a Nguyên bản : The code book |
| 520 | # | # | |a Phác hoạ sự tiến hoá của những mật mã. Những khám phá khoa học về các lĩnh vực khác nhau. Giải mã bí ẩn của những con số và chữ cái từ cổ điển đến lượng tử |
| 650 | # | 4 | |a Mật mã |x Lịch sử |
| 653 | # | # | |a Mật mã |
| 700 | 1 | # | |a Phạm, Thu Hằng |e dịch |
| 700 | 1 | # | |a Phạm, Văn Thiều |e dịch |
| 852 | # | # | |b Kho đọc |j KD.0013500 |
| 852 | # | # | |j KD.0013500 |
| 910 | |d 04/05/2012 | ||
| 980 | # | # | |a Trung tâm Học liệu Lê Vũ Hùng, Trường Đại học Đồng Tháp |